| 000 | 00558nam a22001937a 4500 | ||
|---|---|---|---|
| 003 | OSt | ||
| 005 | 20250708092339.0 | ||
| 008 | 250708b |||||||| |||| 00| 0 eng d | ||
| 020 | _a978-971-511-778-4 | ||
| 040 |
_aDWC-Main Lib _cOC |
||
| 082 | _aCirc. 248.4 W286p 2002 | ||
| 100 | _aWarren, Rick | ||
| 245 |
_aThe purpose driven life/ _cWarren Rick |
||
| 260 |
_aMichigan: _bZondervan, _cc2002. |
||
| 300 |
_a334 pages: _billustrations; _c23cm. |
||
| 504 | _aIncludes appendix and notes. | ||
| 650 | _a1. Christian life | ||
| 942 |
_2ddc _cBK-CIRC _kCirc. _n0 |
||
| 999 |
_c3493 _d3493 |
||